Príprava na veľtrh cvičných firiem - aplikácia modelu projektového vyučovania

Jednou z možností ako motivovať absolventov k podnikaniu je zaradenie podnikateľského vzdelávania do učebných osnov stredných škôl. Podnikateľsky orientované predmety vyžadujú okrem premysleného obsahu vzdelávania aj vhodne zvolené aktivizujúce vyučovacie metódy. Projektová metóda je ústrednou metód...

Descripción completa

Guardado en:
Detalles Bibliográficos
Autor principal: Velichová, Ľudmila
Formato: Capítulo de libro
Lenguaje:eslovaco
Materias:
Etiquetas: Agregar Etiqueta
Sin Etiquetas, Sea el primero en etiquetar este registro!

MARC

LEADER 00000nla a2200000 4500
001 0237356
005 20240502073831.2
041 0 |a slo 
044 |a SK 
245 1 0 |a Príprava na veľtrh cvičných firiem - aplikácia modelu projektového vyučovania  |c Ľudmila Velichová 
520 |a Jednou z možností ako motivovať absolventov k podnikaniu je zaradenie podnikateľského vzdelávania do učebných osnov stredných škôl. Podnikateľsky orientované predmety vyžadujú okrem premysleného obsahu vzdelávania aj vhodne zvolené aktivizujúce vyučovacie metódy. Projektová metóda je ústrednou metódou projektového vyučovania. Predmet cvičná firma predstavuje ideálny priestor na aplikáciu projektového vyučovania. 
610 2 0 |a vzdelávanie 
610 2 0 |a vyučovanie 
610 2 0 |a školy stredné odborné 
610 2 0 |a projekty 
610 2 0 |a predmety učebné 
610 2 0 |a firmy cvičné 
100 1 |a Velichová, Ľudmila